000
00474nam a2200145Ia 4500
008
100204s9999 xx 000 0 und d
082
_b
4424
100
_a
नाडकर्णी सुरेश
245
_a
बंडू वयात येतो
260
_b
"आत्मा प्रकाशन, मुंबई"
300
_a
100
630
_a
बंडू वयात येतो
730
_a
बंडू वयात येतो
942
_c
BOOK
999
_c
449173
_d
449170